000 00492nam a2200181Ia 4500
008 090123s9999 xx 000 0 und d
082 _b1201
100 _aकाणेकर अनंत
245 _aचांदरात
250 _a6
260 _bदेशमुख रा.ज.
300 _a94
600 _aकाणेकर अनंत
630 _aचांदरात
700 _aकाणेकर अनंत
730 _aचांदरात
942 _cBOOK
999 _c39285
_d39285